000 01666nam a2200409 c 4500
999 _c151257
_d151257
003 BLK
005 20220221153647.0
008 180410b bul|||||r ||||||| ||bul||
010 _aKNG00157643000
040 _aBLK
041 _aBUL
_cBUL
072 7 _2bullib
_aК
_xКраезнание
080 _aКомунистически партии. Вж и 327.323
_b329.15
_x(497.2)БКП(092)
_z329.15(497.2)БКП(092)
080 _aБългарска литература
_b821.163.2
_x-32
_z821.163.2-32
080 _aЧлен на БКП, партизанин, антифашист
_b929 Таджер, Леон Йосиф
_z929 Таджер, Леон Йосиф
100 1 _aСтанилова, Кръстина
_eпърви автор
_9331327
139 _aСтанилова, Кръстина
_bТ 18
245 1 0 _aДонесете досието на Леон Таджер
_bДокум. повест за Леон Таджер
_cКръстина Станилова.
257 _aBGR
260 _bПартиздат
_c1980
_fВ. Търново : Д. Найденов
300 _a199 с.
_b1 л. портр.
_c16 см
380 _a3
500 _a8 115 тир.
600 1 4 _aТаджер, Леон
_9331310
650 4 _aБКП - дейци
_9242529
651 4 _aБългария
_9241624
651 4 _aРусе
_9179462
653 _aБКП
653 _aкомунисти
653 _aЛеон Таджер
659 _aК
852 _aЦб І 18139
852 _aК 329(092)/Т 18 Л
856 4 _qpdf
856 4 _qpdf
942 _cKNG
_n0
_s1
944 _aCR
_c10.03.2014
_l10.03.2014 - от С1,Р / 10.03.2014
_kВаля_Йорданова
944 _aED
_c11.03.2014
_l10.03.2014 - от С1,Р / 10.03.2014
999 _d151257